[Event "34.Schlosspark-Open"]
[Site "Wiesbaden-Biebrich"]
[Date "2025.08.28"]
[Round "1.29"]
[White "Gärtner, David"]
[Black "Töpfer, Albrecht"]
[Result "0-1"]
[WhiteElo "1809"]
[BlackElo "2139"]
[PlyCount "108"]
[EventDate "2025.08.28"]
[WhiteTeam "Sfr.Mainz 1928"]
[BlackTeam "SC Fulda"]

1. d4 Nf6 2. c4 e6 3. Nf3 Bb4+ 4. Bd2 Qe7 5. a3 Bxd2+ 6. Qxd2 a5 7. Nc3 d6 8. e4 e5 9. Bd3 O-O 10. O-O Bg4 11. dxe5 dxe5 12. Ne1 Nbd7 13. f3 Be6 14. Na4 Nc5 15. Nxc5 Qxc5+ 16. Qf2 Nd7 17. Nc2 a4 18. Nb4 c6 19. Rad1 Rfd8 20. Be2 f6 21. Rd2 Qxf2+ 22. Kxf2 Nc5 23. Rfd1 Rxd2 24. Rxd2 Kf7 25. Ke3 Ke7 26. Rd1 g5 27. g3 Nb3 28. Bf1 Rg8 29. Be2 Nd4 30. Bd3 h6 31. Rf1 Nb3 32. Rf2 Rd8 33. Rc2 Nc5 34. Be2 Bf7 35. Rd2 Rg8 36. Rd1 h5 37. Rf1 h4 38. g4 Rd8 39. Rc1 Rd4 40. Nc2 Rd6 41. Nb4 Nb3 42. Rc2 b6 43. Bd3 Kd7 44. Rc3 Nc5 45. Be2 Kc7 46. Rc2 Rd8 47. Nd3 Nb3 48. Nb4 Nd4 49. Rc1 Ra8 50. Rc3 Ra5 51. c5 bxc5 52. Na6+ Kb6 53. Bf1 Be6 54. Kf2 Bc8 0-1

[Event "34.Schlosspark-Open"]
[Site "Wiesbaden-Biebrich"]
[Date "2025.08.28"]
[Round "1.30"]
[White "Ruppert, Wolfgang"]
[Black "Hensel, Roman"]
[Result "0-1"]
[WhiteElo "2128"]
[BlackElo "1806"]
[PlyCount "112"]
[EventDate "2025.08.28"]
[WhiteTeam "SC Flörsheim 1921"]
[BlackTeam "SV Oberursel"]

1. d4 d5 2. Nf3 Nf6 3. Bf4 c5 4. e3 Nc6 5. c3 Qb6 6. Qb3 c4 7. Qxb6 axb6 8. Nbd2 Bf5 9. h3 b5 10. g4 Be4 11. Nxe4 Nxe4 12. Nd2 Nxd2 13. Kxd2 e6 14. Bg2 Kd7 15. e4 Bd6 16. Be3 Ne7 17. e5 Bc7 18. f4 h5 19. a3 Rh7 20. Bf3 hxg4 21. hxg4 Rah8 22. Rxh7 Rxh7 23. a4 Rh2+ 24. Be2 bxa4 25. Rxa4 g6 26. Ke1 b5 27. Ra8 Nc6 28. Bg1 Rh3 29. Bd1 Ba5 30. f5 gxf5 31. gxf5 Kc7 32. Rf8 Nd8 33. fxe6 fxe6 34. Kd2 b4 35. Bf3 bxc3+ 36. bxc3 Nc6 37. Bf2 Rh2 38. Bg4 Nxd4 39. Kd1 Rh7 40. Kd2 Nb3+ 41. Ke2 Rh6 42. Rf7+ Kc6 43. Be1 Nc5 44. Rf6 Rxf6 45. exf6 Bd8 46. Bh4 Kd7 47. f7 Be7 48. Bf6 Bf8 49. Ke3 Ne4 50. Bh8 Ke7 51. Bh5 Nd6 52. Bd4 Nxf7 53. Bc5+ Nd6 54. Kd4 Bg7+ 55. Ke3 Kd7 56. Bb4 Ne4 0-1

[Event "34.Schlosspark-Open"]
[Site "Wiesbaden-Biebrich"]
[Date "2025.08.28"]
[Round "1.31"]
[White "Rabiya, Karim"]
[Black "Stephanblome, Felix"]
[Result "0-1"]
[WhiteElo "1800"]
[BlackElo "2116"]
[PlyCount "82"]
[EventDate "2025.08.28"]
[WhiteTeam "SK Niederbrechen 1948"]
[BlackTeam "SV 1934 Ffm-Griesheim"]

1. e4 e5 2. Bc4 Nc6 3. Nc3 Nf6 4. d3 Bb4 5. Nge2 d5 6. exd5 Nxd5 7. O-O Be6 8. Nxd5 Bxd5 9. Bxd5 Qxd5 10. c3 Be7 11. Be3 f5 12. f3 O-O-O 13. d4 exd4 14. Nxd4 Bc5 15. Qd3 Bxd4 16. Bxd4 Nxd4 17. Rfd1 Nxf3+ 18. Qxf3 Qxf3 19. gxf3 g5 20. Kf2 Rxd1 21. Rxd1 Rd8 22. Rb1 Rd2+ 23. Kg1 Kd7 24. a4 Kd6 25. c4 Ke5 26. b4 Rd3 27. Kg2 Kf4 28. c5 Rd2+ 29. Kg1 Kxf3 30. Rb3+ Ke4 31. b5 Rc2 32. b6 cxb6 33. cxb6 a6 34. Rh3 g4 35. Rxh7 Kf3 36. Rc7 Rg2+ 37. Kh1 Rb2 38. Rc3+ Kf2 39. h4 f4 40. a5 f3 41. h5 Kg3 0-1

[Event "34.Schlosspark-Open"]
[Site "Wiesbaden-Biebrich"]
[Date "2025.08.28"]
[Round "1.32"]
[White "Sreeramulu, Aarush"]
[Black "Schellen, Sven"]
[Result "1-0"]
[WhiteElo "2115"]
[BlackElo "1806"]
[PlyCount "55"]
[EventDate "2025.08.28"]
[WhiteTeam "SK Marburg 1931/72"]
[BlackTeam "SV Frankfurt Nord 1926"]

1. d4 d5 2. c4 e6 3. Nc3 c5 4. cxd5 exd5 5. Nf3 Nc6 6. g3 Nf6 7. Bg2 Be7 8. O-O O-O 9. dxc5 Bxc5 10. Na4 Be7 11. Be3 Ne4 12. Rc1 Bf6 13. Bd4 Nxd4 14. Nxd4 Qa5 15. a3 Bd7 16. Nc3 Nxc3 17. Rxc3 Qb6 18. e3 Bxd4 19. exd4 Bc6 20. Qd2 Rfe8 21. Rc5 Re7 22. b4 Qa6 23. Qc3 Rd8 24. Rb1 Rde8 25. b5 Bxb5 26. Rcxb5 Re1+ 27. Rxe1 Rxe1+ 28. Qxe1 1-0

[Event "34.Schlosspark-Open"]
[Site "Wiesbaden-Biebrich"]
[Date "2025.08.28"]
[Round "1.33"]
[White "Brauch, Manfred"]
[Black "Klein, Levent"]
[Result "1/2-1/2"]
[WhiteElo "1801"]
[BlackElo "2107"]
[PlyCount "146"]
[EventDate "2025.08.28"]
[WhiteTeam "SG Pieroth/Burg Layen"]
[BlackTeam "SK Kaiserslautern 1905"]

1. d4 c6 2. Nf3 d5 3. e3 Nf6 4. Nbd2 Bf5 5. c4 e6 6. Be2 Nbd7 7. O-O h6 8. a3 Be7 9. b3 O-O 10. Bb2 Re8 11. Re1 Ne4 12. Nxe4 Bxe4 13. Bd3 Nf6 14. Bxe4 Nxe4 15. Nd2 Nxd2 16. Qxd2 Qc7 17. h3 Rad8 18. c5 Bf6 19. f4 Bh4 20. Rf1 Rb8 21. Bc3 b6 22. cxb6 axb6 23. b4 Be7 24. Bb2 c5 25. Rfc1 c4 26. Bc3 Bd6 27. Rc2 Qe7 28. Qe1 Qf6 29. Qg3 Qf5 30. Qf2 g5 31. fxg5 Qxf2+ 32. Rxf2 hxg5 33. Raf1 Rf8 34. g4 Ra8 35. Ra2 b5 36. Kg2 f5 37. Raa1 Kh7 38. Be1 Kg6 39. gxf5+ exf5 40. h4 Rfe8 41. hxg5 Rh8 42. Bg3 Bxg3 43. Kxg3 Kxg5 44. Rf2 Rae8 45. Rf3 Rhf8 46. Kf2 Rh8 47. Rg3+ Kf6 48. a4 Rh2+ 49. Kf3 Rb2 50. axb5 Re6 51. Ra6 Rxa6 52. bxa6 Rxb4 53. Rg8 Ra4 54. Rf8+ Ke6 55. Re8+ Kd6 56. Rd8+ Kc6 57. Rc8+ Kd7 58. Rc5 Kd6 59. Kf4 Rxa6 60. Kxf5 Rc6 61. Ra5 c3 62. Ra1 c2 63. Rc1 Rc3 64. Kf4 Rc4 65. Kf5 Rc8 66. Kf4 Ke6 67. Kf3 Kf5 68. Ke2 Ke4 69. Kd2 Rg8 70. Rxc2 Rg2+ 71. Kc3 Rg3 72. Kb4 Rg8 73. Rc6 Kxe3 1/2-1/2

[Event "34.Schlosspark-Open"]
[Site "Wiesbaden-Biebrich"]
[Date "2025.08.28"]
[Round "1.34"]
[White "Vranckx, Oscar"]
[Black "Schmidt, Jörg"]
[Result "1-0"]
[WhiteElo "2107"]
[BlackElo "1800"]
[PlyCount "75"]
[EventDate "2025.08.28"]
[WhiteTeam "Sfr.Mainz 1928"]
[BlackTeam "SK Niederbrechen 1948"]

1. e4 c5 2. Nf3 Nc6 3. d4 cxd4 4. Nxd4 g6 5. c4 Bg7 6. Be3 d6 7. Nc3 Nf6 8. Be2 O-O 9. O-O Bd7 10. h3 Rc8 11. Qd2 a6 12. Rac1 Qa5 13. Nb3 Qc7 14. Nd5 Qb8 15. Nb6 Rcd8 16. Bd3 Ne5 17. Bb1 Bc6 18. f4 Ned7 19. Nd5 Rfe8 20. Qf2 Nxe4 21. Bxe4 e6 22. Ba7 Qc8 23. Bf3 e5 24. Nb6 Qc7 25. Nxd7 e4 26. Nf6+ Bxf6 27. Bb6 Qb8 28. Bg4 h5 29. Bxd8 Bxd8 30. Be2 b5 31. Qg3 bxc4 32. Bxc4 d5 33. Be2 Bd7 34. Bxh5 Bf5 35. Bg4 Be6 36. Rc6 f5 37. Bh5 Qb7 38. Qxg6+ 1-0

[Event "34.Schlosspark-Open"]
[Site "Wiesbaden-Biebrich"]
[Date "2025.08.28"]
[Round "1.35"]
[White "Michalski, Uwe"]
[Black "Pohle, Dirk"]
[Result "0-1"]
[WhiteElo "1798"]
[BlackElo "2101"]
[PlyCount "50"]
[EventDate "2025.08.28"]
[WhiteTeam "Sfr.Mainz 1928"]
[BlackTeam "Langenfelder Schachfreunde 1933"]

1. e4 e5 2. Bc4 Nf6 3. d3 Bc5 4. Nf3 d6 5. h3 c6 6. Bg5 Qb6 7. O-O Qxb2 8. Nbd2 Nbd7 9. Nb3 Qa3 10. Nxc5 Qxc5 11. Qe1 Qb6 12. Be3 Qc7 13. Ng5 d5 14. exd5 cxd5 15. Bb3 h6 16. Nf3 O-O 17. g4 a5 18. a4 Re8 19. Qd2 Ra6 20. Kh1 Nf8 21. Rg1 d4 22. Bxh6 gxh6 23. Qxh6 Ne4 24. Qh4 Ng6 25. Qh6 Nxf2+ 0-1

[Event "34.Schlosspark-Open"]
[Site "Wiesbaden-Biebrich"]
[Date "2025.08.28"]
[Round "1.36"]
[White "Barbanera, Fabrizio"]
[Black "Geyler, Stefan"]
[Result "1-0"]
[WhiteElo "2098"]
[BlackElo "1797"]
[PlyCount "89"]
[EventDate "2025.08.28"]
[WhiteTeam "SC Neumühl"]
[BlackTeam "BSG 1827 Eckbauer e.V."]

1. e4 c5 2. c3 d5 3. exd5 Qxd5 4. d4 g6 5. Nf3 Bg7 6. Na3 cxd4 7. Bc4 Qe4+ 8. Be3 Nh6 9. cxd4 O-O 10. O-O Bg4 11. Be2 Nc6 12. Qd2 Nf5 13. Ng5 Qd5 14. Bxg4 Nxe3 15. Qxe3 Bxd4 16. Qd2 Rad8 17. h4 Ne5 18. Bf3 Qd7 19. Qe2 h6 20. Ne4 Qf5 21. Nc2 Nxf3+ 22. Qxf3 Qxf3 23. gxf3 f5 24. Ng3 Bf6 25. h5 Rd2 26. Ne1 Rxb2 27. hxg6 e6 28. a4 Rd8 29. Ng2 Rbd2 30. Rab1 Bd4 31. Nh1 Bb6 32. Rfe1 R8d4 33. a5 Bxa5 34. Rxb7 Rd1 35. Rxd1 Rxd1+ 36. Kh2 Bb6 37. Nf4 Rd6 38. Ng3 Rc6 39. Ngh5 Bc7 40. Nf6+ Kf8 41. g7+ Kxg7 42. Ne8+ Kf8 43. Nxc7 e5 44. Nce6+ Ke8 45. Nd5 1-0

[Event "34.Schlosspark-Open"]
[Site "Wiesbaden-Biebrich"]
[Date "2025.08.28"]
[Round "1.37"]
[White "Clauss, Hendrik"]
[Black "Pradeep, Harshill"]
[Result "0-1"]
[WhiteElo "1796"]
[BlackElo "1981"]
[PlyCount "96"]
[EventDate "2025.08.28"]
[WhiteTeam "SC Bergen-Enkheim 1922"]
[BlackTeam "SK Bickenbach"]

1. d4 Nf6 2. Bg5 c6 3. Bxf6 exf6 4. e3 d5 5. g3 Bd6 6. Bg2 Bf5 7. Nd2 Qd7 8. Ne2 Bh3 9. Bxh3 Qxh3 10. Ng1 Qf5 11. Ngf3 g5 12. h4 Nd7 13. g4 Qg6 14. h5 Qg7 15. Qe2 h6 16. Qd3 O-O 17. O-O-O Rfe8 18. Nh2 Re6 19. Rdg1 b5 20. Nhf1 Nb6 21. Ng3 Bxg3 22. Rxg3 Rae8 23. Nf1 Qf8 24. Rf3 Nc4 25. Ng3 Qb4 26. Qc3 Qa4 27. Qb3 Qa5 28. Rd1 Nd6 29. Nf5 Nxf5 30. Rxf5 Kg7 31. c3 Qc7 32. Rg1 a5 33. Qa3 Qh2 34. Rg3 Qh1+ 35. Kd2 Qb1 36. Qxa5 Qxb2+ 37. Kd1 Re4 38. a3 Qb1+ 39. Kd2 Rxg4 40. Rxg4 Qxf5 41. Rg2 Qh3 42. Rg3 Qh2 43. Ke1 Qh1+ 44. Kd2 Qf1 45. Rf3 g4 46. Rf4 g3 47. Rg4+ Kh8 48. fxg3 Qf2+ 0-1

[Event "34.Schlosspark-Open"]
[Site "Wiesbaden-Biebrich"]
[Date "2025.08.28"]
[Round "1.38"]
[White "Hoffmann, Jens"]
[Black "Färber, Anna"]
[Result "1-0"]
[WhiteElo "2088"]
[BlackElo "1781"]
[PlyCount "43"]
[EventDate "2025.08.28"]
[WhiteTeam "SF HN-Biberach 1978 e.V."]
[BlackTeam "SV 1947 Walldorf"]

1. e4 c5 2. Nf3 d6 3. d4 cxd4 4. Nxd4 Nf6 5. Nc3 a6 6. h3 e5 7. Nf3 Be7 8. g4 h6 9. Be3 Qc7 10. a4 Nbd7 11. g5 hxg5 12. Nxg5 Nb6 13. Qd3 Nbd7 14. O-O-O Qa5 15. Qc4 Rf8 16. b4 Qd8 17. Rg1 b6 18. Qb3 Nh5 19. Be2 g6 20. Nd5 Ndf6 21. Bxb6 Qd7 22. Nc7+ 1-0

[Event "34.Schlosspark-Open"]
[Site "Wiesbaden-Biebrich"]
[Date "2025.08.28"]
[Round "1.39"]
[White "Fröhlich-Dill, Astrid"]
[Black "Li, Maxim"]
[Result "1/2-1/2"]
[WhiteElo "1786"]
[BlackElo "2066"]
[PlyCount "110"]
[EventDate "2025.08.28"]
[WhiteTeam "SV 1920 Hofheim"]
[BlackTeam "Wiesbadener SV 1885"]

1. d4 d5 2. c4 e6 3. Nc3 c6 4. e3 Nf6 5. Nf3 Nbd7 6. Bd3 dxc4 7. Bxc4 b5 8. Bd3 Bb7 9. O-O a6 10. b3 c5 11. Bb2 Be7 12. Rc1 cxd4 13. exd4 Nb6 14. Qe2 b4 15. Ne4 Nxe4 16. Bxe4 Bxe4 17. Qxe4 Nd5 18. Rc2 O-O 19. Rfc1 Qb6 20. Rc6 Qa5 21. Qb1 Rfb8 22. Ne5 Qd8 23. Qc2 Bg5 24. Rd1 Rc8 25. Qe4 Rxc6 26. Nxc6 Qd6 27. Ne5 Rc8 28. Nc4 Qf4 29. Qxf4 Bxf4 30. g3 Bg5 31. f4 Be7 32. Rc1 Kf8 33. Kf2 Bd8 34. Ke2 Ke7 35. Kd3 h5 36. Ne5 Rxc1 37. Bxc1 Bc7 38. Bd2 a5 39. Kc2 f6 40. Nd3 Kd6 41. Nc5 Nb6 42. Kd3 Kd5 43. Ne4 Nc8 44. Be3 Ne7 45. Nc5 Nf5 46. Bf2 Bb6 47. Nxe6 Kxe6 48. d5+ Kxd5 49. Bxb6 Nd6 50. Bxa5 Kc5 51. Bd8 Nf5 52. Ke2 Nd6 53. Kd3 Nf5 54. Ke4 Nd6+ 55. Kf3 Nf5 1/2-1/2

[Event "34.Schlosspark-Open"]
[Site "Wiesbaden-Biebrich"]
[Date "2025.08.28"]
[Round "1.40"]
[White "Dietze, Frank"]
[Black "Donecker, Stefan"]
[Result "1-0"]
[WhiteElo "2083"]
[BlackElo "1780"]
[PlyCount "101"]
[EventDate "2025.08.28"]
[WhiteTeam "Wiesbadener SV 1885"]
[BlackTeam "SAbt TuS Dotzheim"]

1. d4 e6 2. c4 Bb4+ 3. Nc3 Bxc3+ 4. bxc3 Nf6 5. Nf3 b6 6. Ba3 d6 7. g3 O-O 8. Bg2 Bb7 9. O-O Nbd7 10. Re1 c5 11. e3 Qc7 12. Rc1 Rfd8 13. Qc2 Be4 14. Qe2 Qb7 15. Red1 Qa6 16. Bb2 Bd5 17. Bf1 Bc6 18. Ra1 Qb7 19. Ne1 Nf8 20. f3 h5 21. e4 e5 22. d5 Bd7 23. Bc1 Qc8 24. Ng2 N8h7 25. h4 Re8 26. Be3 Kh8 27. Qd2 Rg8 28. Bd3 Qf8 29. Kf2 Re8 30. Rh1 Bc8 31. Rag1 Nd7 32. Ke1 f5 33. exf5 e4 34. fxe4 Ne5 35. Be2 Ng4 36. Bxg4 hxg4 37. Nf4 Bxf5 38. exf5 Qxf5 39. Ne6 Nf8 40. Rf1 Qh7 41. Nxf8 Rgxf8 42. Rxf8+ Rxf8 43. Rg1 Qe4 44. Kd1 Re8 45. Re1 Qb1+ 46. Ke2 Qe4 47. Qd3 Qg2+ 48. Kd1 Qxa2 49. Re2 Qb3+ 50. Ke1 Qa4 51. Kf2 1-0

[Event "34.Schlosspark-Open"]
[Site "Wiesbaden-Biebrich"]
[Date "2025.08.28"]
[Round "1.41"]
[White "Börsch, Dieter"]
[Black "Musiienko, Platon"]
[Result "0-1"]
[WhiteElo "1779"]
[BlackElo "2083"]
[PlyCount "64"]
[EventDate "2025.08.28"]
[WhiteTeam "SK Bad Homburg 1927"]
[BlackTeam "Wiesbadener SV 1885"]

1. d4 d5 2. c4 e6 3. Nc3 Nf6 4. cxd5 exd5 5. Bg5 Be7 6. e3 h6 7. Bh4 O-O 8. Bd3 Re8 9. Nge2 c6 10. O-O a5 11. Rc1 Nbd7 12. f3 b5 13. Bf2 Bb7 14. Ng3 Nb6 15. b3 b4 16. Nce2 Rc8 17. e4 dxe4 18. fxe4 Ng4 19. Nf5 Bg5 20. Rc5 g6 21. h4 gxf5 22. hxg5 fxe4 23. gxh6 exd3 24. Nf4 Nxf2 25. Rxf2 Qxd4 26. Qg4+ Kh7 27. Qf5+ Kh8 28. Qxf7 Rg8 29. Ng6+ Rxg6 30. Qxg6 Rf8 31. Qf6+ Qxf6 32. Rxf6 Nd7 0-1

[Event "34.Schlosspark-Open"]
[Site "Wiesbaden-Biebrich"]
[Date "2025.08.28"]
[Round "1.42"]
[White "Weber, Nikita"]
[Black "Moldenhauer, Lennart"]
[Result "1-0"]
[WhiteElo "2082"]
[BlackElo "1767"]
[PlyCount "35"]
[EventDate "2025.08.28"]
[WhiteTeam "Vorw.Orient Mainz"]
[BlackTeam "SV Oberursel"]

1. e4 g6 2. h4 d5 3. exd5 Qxd5 4. Nc3 Qa5 5. h5 Bg7 6. Bc4 Qe5+ 7. Nge2 Nc6 8. h6 Bf6 9. d3 g5 10. f4 Qa5 11. Bd2 g4 12. Nd5 Qc5 13. Nxc7+ Kd8 14. Nxa8 Nd4 15. Nxd4 Bxd4 16. Qe2 Bxb2 17. Rb1 Bd4 18. Rb5 1-0

[Event "34.Schlosspark-Open"]
[Site "Wiesbaden-Biebrich"]
[Date "2025.08.28"]
[Round "1.44"]
[White "Burkart, Lloyd Shang"]
[Black "Vilain, Philip"]
[Result "1-0"]
[WhiteElo "2080"]
[BlackElo "1767"]
[PlyCount "63"]
[EventDate "2025.08.28"]
[WhiteTeam "SV 1920 Hofheim"]
[BlackTeam "SC Heitersheim"]

1. d4 d5 2. c4 c6 3. Nf3 Nf6 4. Qc2 e6 5. g3 Bd6 6. Bg2 Nbd7 7. O-O O-O 8. Nbd2 b6 9. e4 dxe4 10. Nxe4 Nxe4 11. Qxe4 Bb7 12. Ne5 Bxe5 13. dxe5 Qc7 14. Bf4 Rfd8 15. Rfd1 h6 16. h4 Rab8 17. Rd6 c5 18. Qd3 Bxg2 19. Kxg2 Nf8 20. Rd1 Rxd6 21. Qxd6 Rb7 22. Qxc7 Rxc7 23. Rd8 Rd7 24. Ra8 Rb7 25. Kf3 Rd7 26. Ke2 h5 27. Ke3 Rd4 28. b3 Rd7 29. Bg5 f6 30. exf6 gxf6 31. Bh6 Rf7 32. Ke4 1-0

[Event "34.Schlosspark-Open"]
[Site "Wiesbaden-Biebrich"]
[Date "2025.08.28"]
[Round "1.45"]
[White "Morgen, Andreas"]
[Black "Regis, Georg"]
[Result "1/2-1/2"]
[WhiteElo "1766"]
[BlackElo "2074"]
[PlyCount "89"]
[EventDate "2025.08.28"]
[WhiteTeam "SK Marburg 1931/72"]
[BlackTeam "Vorw.Orient Mainz"]

1. e4 c6 2. d4 d5 3. e5 Bf5 4. h4 h5 5. c4 e6 6. Nc3 Nd7 7. cxd5 cxd5 8. Bd3 Bxd3 9. Qxd3 a6 10. Nf3 Ne7 11. Bg5 Qb6 12. O-O Rc8 13. Rfc1 Nc6 14. a3 Be7 15. Bxe7 Kxe7 16. b4 Qa7 17. Na4 Nb6 18. Nxb6 Qxb6 19. Rc5 g6 20. Ng5 Rhf8 21. Nh7 Rh8 22. Nf6 Na7 23. Rxd5 Rhd8 24. Rc5 Rxc5 25. bxc5 Qxc5 26. dxc5 Rxd3 27. Rb1 Nc6 28. Rxb7+ Kd8 29. Rb6 Nxe5 30. Rxa6 Rd4 31. Rd6+ Rxd6 32. cxd6 Nc4 33. a4 Nxd6 34. Kf1 Ke7 35. Ng8+ Kf8 36. Nf6 Ke7 37. Ng8+ Kd7 38. Ke2 Kc6 39. Nf6 Kc5 40. Nd7+ Kb4 41. Nb6 Ne4 42. Ke3 Nd6 43. Kd3 Kc5 44. Nd7+ Kb4 45. Nb6 1/2-1/2

[Event "34.Schlosspark-Open"]
[Site "Wiesbaden-Biebrich"]
[Date "2025.08.28"]
[Round "1.46"]
[White "Schupp, Tobias"]
[Black "Hübner, Kai"]
[Result "1-0"]
[WhiteElo "2071"]
[BlackElo "1763"]
[PlyCount "94"]
[EventDate "2025.08.28"]
[WhiteTeam "SK Niederbrechen 1948"]
[BlackTeam "SC Flörsheim 1921"]

1. e4 d6 2. d4 Nf6 3. f3 Nbd7 4. c4 e5 5. d5 Be7 6. Nc3 h6 7. Be3 a6 8. Qd2 Nf8 9. Bd3 Ng6 10. Nge2 Nh5 11. O-O Bg5 12. b4 Bxe3+ 13. Qxe3 Nhf4 14. Kh1 Qg5 15. g3 Bh3 16. Rf2 Nxd3 17. Qxd3 f5 18. Ng1 Qh5 19. Nxh3 Qxh3 20. exf5 Ne7 21. f4 Nxf5 22. fxe5 O-O 23. Raf1 Nh4 24. e6 Rf3 25. Qxf3 Nxf3 26. Rxf3 Qg4 27. Rf4 Qg6 28. Ne4 Re8 29. c5 Qh5 30. cxd6 cxd6 31. Rf5 Qe2 32. Nxd6 Rd8 33. Nxb7 Rxd5 34. Rf8+ Kh7 35. Nc5 Re5 36. R8f2 Qc4 37. Kg1 a5 38. Nd7 Re4 39. bxa5 Kg6 40. Rf4 Kh5 41. Rf5+ g5 42. Nf6+ Kg6 43. Nxe4 Qxe4 44. h3 Kh5 45. Rf6 Qd4+ 46. Kh2 Qb2+ 47. R1f2 Qe5 1-0

[Event "34.Schlosspark-Open"]
[Site "Wiesbaden-Biebrich"]
[Date "2025.08.28"]
[Round "1.47"]
[White "Sefeloge, Michael"]
[Black "Gundlach, Michael"]
[Result "1/2-1/2"]
[WhiteElo "1761"]
[BlackElo "2070"]
[PlyCount "91"]
[EventDate "2025.08.28"]
[WhiteTeam "SV Turm Lahnstein"]
[BlackTeam "Sfr.Mainz 1928"]

1. d4 d6 2. Nf3 Nf6 3. Nbd2 Nbd7 4. c4 e5 5. dxe5 dxe5 6. Qc2 c6 7. e3 Bd6 8. Bd3 O-O 9. Ng5 h6 10. Nde4 Be7 11. O-O a5 12. b3 Nc5 13. Nxc5 Bxc5 14. Bb2 Qe7 15. Rad1 Bg4 16. Rc1 Rad8 17. h3 Bc8 18. Rfd1 Rfe8 19. Ne4 Nxe4 20. Bxe4 f6 21. Qe2 f5 22. Bb1 e4 23. Qh5 Be6 24. Qg6 Qf7 25. Qxf7+ Kxf7 26. Kf1 b6 27. Ke2 Be7 28. f3 exf3+ 29. gxf3 Bf6 30. Bxf6 Kxf6 31. f4 g5 32. Rxd8 Rxd8 33. Rd1 Rxd1 34. Kxd1 gxf4 35. exf4 Ke7 36. Kd2 Kd6 37. Ke3 c5 38. a3 Bd7 39. Bd3 Ke6 40. b4 axb4 41. axb4 Bc6 42. b5 Bg2 43. h4 Kf6 44. Be2 Bh3 45. Kd2 Bg4 46. h5 1/2-1/2

[Event "34.Schlosspark-Open"]
[Site "Wiesbaden-Biebrich"]
[Date "2025.08.28"]
[Round "1.48"]
[White "Dörr, Tarik"]
[Black "Münstermann, Matthias"]
[Result "1-0"]
[WhiteElo "2010"]
[BlackElo "1760"]
[PlyCount "47"]
[EventDate "2025.08.28"]
[WhiteTeam "SC Einrich e.V."]
[BlackTeam "SK Langen"]

1. e4 c5 2. Nf3 Nc6 3. Bb5 e6 4. O-O Nge7 5. Re1 a6 6. Bf1 Ng6 7. Nc3 Be7 8. d4 cxd4 9. Nxd4 O-O 10. Nb3 Bb4 11. Qh5 Bxc3 12. bxc3 b6 13. Ba3 Re8 14. Bd6 Bb7 15. Rad1 f6 16. Rd3 Nce5 17. Rh3 h6 18. Rg3 Rc8 19. Rxg6 Nxg6 20. Qxg6 Rxc3 21. Nd4 b5 22. Bd3 Rxd3 23. cxd3 Qb6 24. Qxe8+ 1-0

[Event "34.Schlosspark-Open"]
[Site "Wiesbaden-Biebrich"]
[Date "2025.08.28"]
[Round "1.49"]
[White "Bartsch, Marius"]
[Black "Becx, Cesar"]
[Result "0-1"]
[WhiteElo "1756"]
[BlackElo "2065"]
[PlyCount "68"]
[EventDate "2025.08.28"]
[WhiteTeam "Wiesbadener SV 1885"]
[BlackTeam "Tilburg"]

1. e4 e5 2. Nf3 Nc6 3. d4 exd4 4. Nxd4 Nf6 5. Nc3 Bb4 6. Nxc6 bxc6 7. Bd3 d5 8. exd5 O-O 9. O-O cxd5 10. h3 Rb8 11. Qf3 c6 12. Bg5 Bd6 13. Na4 Be6 14. b3 h6 15. Bf4 Rb4 16. Bxd6 Qxd6 17. Rad1 Rf4 18. Qe3 d4 19. Qg3 Nh5 20. Qh2 g5 21. Nc3 Qd8 22. Ne2 Rh4 23. Ng3 Nf4 24. Nf5 Bxf5 25. Bxf5 Qd5 26. Bd3 Kh8 27. Rfe1 Rg8 28. Qg3 c5 29. Bc4 Qf5 30. Bd3 Qf6 31. Qf3 Nxh3+ 32. Kf1 Qxf3 33. gxf3 Rf4 34. Kg2 g4 0-1

[Event "34.Schlosspark-Open"]
[Site "Wiesbaden-Biebrich"]
[Date "2025.08.28"]
[Round "1.50"]
[White "Reschke, Thomas"]
[Black "John, Volkmar"]
[Result "1/2-1/2"]
[WhiteElo "2065"]
[BlackElo "1756"]
[PlyCount "42"]
[EventDate "2025.08.28"]
[WhiteTeam "SC Frankfurt-West"]
[BlackTeam "SK Herborn 1946"]

1. c4 b6 2. g3 Bb7 3. Nf3 c5 4. Bg2 Nf6 5. O-O e6 6. b3 Be7 7. Bb2 O-O 8. Qc2 d5 9. Ng5 h6 10. Bxf6 hxg5 11. Bb2 Qd7 12. cxd5 Bxd5 13. f3 Bb7 14. Nc3 Nc6 15. Rad1 Rad8 16. Qb1 Qc8 17. Kh1 Bf6 18. Ne4 Be7 19. Qa1 f6 20. Nf2 Nd4 21. Bxd4 Rxd4 1/2-1/2

[Event "34.Schlosspark-Open"]
[Site "Wiesbaden-Biebrich"]
[Date "2025.08.28"]
[Round "1.51"]
[White "Liu, Jonas"]
[Black "Gülsen, Taylan"]
[Result "0-1"]
[WhiteElo "1755"]
[BlackElo "2063"]
[PlyCount "54"]
[EventDate "2025.08.28"]
[WhiteTeam "SV Oberursel"]
[BlackTeam "Brühler SK 1920 e. V."]

1. e4 c5 2. Nf3 Nc6 3. d4 cxd4 4. Nxd4 g6 5. c4 Bg7 6. Be3 Nf6 7. Nc3 O-O 8. f3 Re8 9. Be2 e6 10. Nxc6 dxc6 11. e5 Nd7 12. f4 f6 13. exf6 Nxf6 14. O-O Qa5 15. Qc2 e5 16. fxe5 Qxe5 17. Bf4 Qd4+ 18. Kh1 Bf5 19. Qb3 Ne4 20. Nxe4 Rxe4 21. Qxb7 Rae8 22. Bf3 Rxf4 23. Qxc6 Rc8 24. Qd5+ Kh8 25. g3 Rxf3 26. Rxf3 Be4 27. Qf7 Rf8 0-1

[Event "34.Schlosspark-Open"]
[Site "Wiesbaden-Biebrich"]
[Date "2025.08.28"]
[Round "1.52"]
[White "Waffenschmidt, Joachim"]
[Black "Joshi, Kanad"]
[Result "1-0"]
[WhiteElo "2025"]
[BlackElo "1749"]
[PlyCount "73"]
[EventDate "2025.08.28"]
[WhiteTeam "SV 1920 Hofheim"]
[BlackTeam "SV Oberursel"]

1. d4 d5 2. c4 e6 3. Nf3 Nf6 4. Nc3 Be7 5. Bf4 a6 6. e3 b6 7. Rc1 O-O 8. h3 Bb7 9. cxd5 exd5 10. Bd3 Nbd7 11. O-O Rc8 12. a4 c5 13. dxc5 Nxc5 14. Bf5 Ra8 15. Nd4 g6 16. Bb1 Ne6 17. Bh6 Re8 18. Ba2 Bf8 19. Bxf8 Kxf8 20. Nxe6+ fxe6 21. Qd4 Kf7 22. Rcd1 Qc7 23. Rc1 Qc5 24. Qf4 e5 25. Qh4 Qe7 26. Ne4 Nxe4 27. Rc7 Nf6 28. Rxe7+ Rxe7 29. Rc1 Rc8 30. Rxc8 Bxc8 31. Bxd5+ Nxd5 32. Qxh7+ Ke6 33. Qg8+ Kd6 34. Qxc8 a5 35. e4 Nc7 36. Qd8+ Rd7 37. Qf6+ 1-0

[Event "34.Schlosspark-Open"]
[Site "Wiesbaden-Biebrich"]
[Date "2025.08.28"]
[Round "1.54"]
[White "Gentner, Markus"]
[Black "Weidemann, Max"]
[Result "1-0"]
[WhiteElo "2001"]
[BlackElo "1656"]
[PlyCount "63"]
[EventDate "2025.08.28"]
[WhiteTeam "SC Murrhardt 1948 e.V."]
[BlackTeam "Vorw.Orient Mainz"]

1. Nf3 Nf6 2. c4 g6 3. Nc3 d5 4. cxd5 Nxd5 5. Qa4+ c6 6. d3 Nxc3 7. bxc3 Bg7 8. Bd2 O-O 9. g3 Nd7 10. Bg2 Nb6 11. Qc2 Qc7 12. O-O e5 13. Rab1 h6 14. c4 Nd7 15. Bc3 Nc5 16. Nd2 Ne6 17. e3 b6 18. Nb3 Ba6 19. Rfd1 Rad8 20. a4 c5 21. a5 Bb7 22. axb6 axb6 23. Bxb7 Qxb7 24. Qb2 Qc7 25. Nc1 Rb8 26. Ne2 Rfd8 27. Qb3 Rd6 28. Ba1 Qd8 29. Qc2 Nc7 30. Nc3 Qd7 31. Ne4 Re6 32. Nxc5 1-0

[Event "34.Schlosspark-Open"]
[Site "Wiesbaden-Biebrich"]
[Date "2025.08.28"]
[Round "1.55"]
[White "Cichon, Jörg"]
[Black "Heindrich, Mark"]
[Result "0-1"]
[WhiteElo "1744"]
[BlackElo "2037"]
[PlyCount "133"]
[EventDate "2025.08.28"]
[WhiteTeam "Sfr.Mainz 1928"]
[BlackTeam "SAbt TuS Dotzheim"]

1. e4 e5 2. Nf3 Nc6 3. d4 exd4 4. Bc4 Nf6 5. O-O Nxe4 6. Re1 d5 7. Bb3 Be6 8. Nxd4 Nxd4 9. Qxd4 Qf6 10. Qxf6 Nxf6 11. Nc3 c6 12. Bg5 Be7 13. Ne2 Ne4 14. Bxe7 Kxe7 15. c3 Rhe8 16. Nf4 Kf8 17. Rad1 Nd6 18. h3 Rad8 19. Bc2 Bf5 20. Bxf5 Nxf5 21. Nd3 Rd7 22. Kf1 Nd6 23. Re5 Rde7 24. Rde1 Ne4 25. Rxe7 Rxe7 26. f3 Nd2+ 27. Kf2 Nc4 28. b3 Nd6 29. Re2 f6 30. Nb4 Nb5 31. Rc2 Ke8 32. Nd3 Kd7 33. Nf4 Kd6 34. Ne2 c5 35. Rd2 Nc7 36. Ng3 Re5 37. Ne2 g6 38. Nf4 b5 39. Nd3 Re7 40. a3 a5 41. Nb2 Kc6 42. Nd3 c4 43. Nc1 Ne6 44. b4 axb4 45. axb4 Ra7 46. Ne2 Ra3 47. Ke3 Kd6 48. f4 h5 49. h4 Ng7 50. g3 Nf5+ 51. Kf2 Ke6 52. Rd1 Ra2 53. Kf3 Ra3 54. Rd2 d4 55. Rxd4 Nxd4+ 56. Nxd4+ Kd7 57. Nxb5 Ra2 58. Nd4 Kd6 59. Ne2 Rd2 60. Ke3 Rc2 61. Kf3 Kd5 62. Ke3 f5 63. Kf3 Rd2 64. Ke3 Rd3+ 65. Kf2 Ke4 66. Ke1 Ke3 67. Kf1 0-1